<?xml version="1.0" encoding="UTF-8"?>
<collection xmlns="http://www.loc.gov/MARC21/slim">
 <record>
  <leader>01190nam a2200253   4500</leader>
  <controlfield tag="001">000019639</controlfield>
  <controlfield tag="003">16078</controlfield>
  <controlfield tag="005">20150812150836.0</controlfield>
  <controlfield tag="008">140625s2013                           sd</controlfield>
  <datafield tag="100" ind1="1" ind2=" ">
   <subfield code="a">Trần Thị An</subfield>
   <subfield code="e">Chủ biên</subfield>
  </datafield>
  <datafield tag="245" ind1="1" ind2="0">
   <subfield code="a">Tục ngữ các dân tộc Thiểu số Việt Nam</subfield>
   <subfield code="c">Trần Thị An (ch.b) ; Vũ Quang Dũng (bs.)</subfield>
  </datafield>
  <datafield tag="260" ind1=" " ind2=" ">
   <subfield code="a">H.</subfield>
   <subfield code="b">Khoa học Xx hội</subfield>
   <subfield code="c">2013</subfield>
  </datafield>
  <datafield tag="300" ind1=" " ind2=" ">
   <subfield code="c">21 cm.</subfield>
  </datafield>
  <datafield tag="774" ind1=" " ind2=" ">
   <subfield code="a">Trần Thị An</subfield>
   <subfield code="d">H.</subfield>
   <subfield code="d">Khoa học xã hội</subfield>
   <subfield code="d">2013</subfield>
   <subfield code="g">Q.3</subfield>
   <subfield code="h">786 tr.</subfield>
   <subfield code="n">ĐTTS ghi: Hội Văn nghệ dân gian Việt Nam</subfield>
   <subfield code="t">Tục ngữ các dân tộc thiểu số Việt Nam</subfield>
   <subfield code="w">16081</subfield>
  </datafield>
  <datafield tag="774" ind1=" " ind2=" ">
   <subfield code="a">Trần Thị An</subfield>
   <subfield code="d">H.</subfield>
   <subfield code="d">Khoa học xã hội</subfield>
   <subfield code="d">2013</subfield>
   <subfield code="g">Q.2</subfield>
   <subfield code="h">599 tr.</subfield>
   <subfield code="n">ĐTTS ghi: Hội Văn nghệ dân gian Việt Nam</subfield>
   <subfield code="t">Tục ngữ các dân tộc thiểu số Việt Nam</subfield>
   <subfield code="w">16080</subfield>
  </datafield>
  <datafield tag="774" ind1=" " ind2=" ">
   <subfield code="a">Trần Thị An</subfield>
   <subfield code="d">H.</subfield>
   <subfield code="d">Khoa học xã hội</subfield>
   <subfield code="d">2013</subfield>
   <subfield code="g">Q.1</subfield>
   <subfield code="h">595 tr.</subfield>
   <subfield code="n">ĐTTS ghi: Hội Văn nghệ dân gian Việt Nam</subfield>
   <subfield code="t">Tục ngữ các dân tộc thiểu số Việt Nam</subfield>
   <subfield code="w">16079</subfield>
  </datafield>
  <datafield tag="OWN" ind1=" " ind2=" ">
   <subfield code="a">LSP</subfield>
  </datafield>
  <datafield tag="999" ind1=" " ind2=" ">
   <subfield code="a">From the UDN01</subfield>
  </datafield>
  <datafield tag="TYP" ind1=" " ind2=" ">
   <subfield code="a">Monograph</subfield>
  </datafield>
  <datafield tag="TYP" ind1=" " ind2=" ">
   <subfield code="a">Printed language</subfield>
  </datafield>
  <datafield tag="980" ind1=" " ind2=" ">
   <subfield code="a">Mạng thư viện Đại học Đà Nẵng</subfield>
  </datafield>
 </record>
</collection>
